[Event "8.HK 60 aars Jubilaeumsturnering 2003"]
[Site "Farum"]
[Date "2003.10.17"]
[Round "6"]
[White "Larsen, Alex"]
[Black "Christoffersen, Jan"]
[Result "0-1"]
[WhiteElo "1234"]
[BlackElo "1422"]
[PlyCount "114"]
[EventDate "2003.??.??"]

1. e4 d6 2. Nf3 g6 3. d4 Bg7 4. Be2 Bd7 5. c3 c6 6. O-O Nf6 7. Qc2 Bg4 8. Bg5
Nbd7 9. Nbd2 O-O 10. Rfe1 e5 11. Rad1 Qc7 12. h3 Bxf3 13. Nxf3 h6 14. Be3 Nh5
15. Nh2 Nf4 16. Bf3 Kh7 17. Bg4 Nf6 18. dxe5 dxe5 19. Bc5 Rfe8 20. Bf3 Re6 21.
Ng4 h5 22. Nxf6+ Rxf6 23. Kh2 b6 24. Be3 Rd6 25. g3 Ne6 26. Rg1 Rad8 27. g4 h4
28. g5 Nf4 29. Rg4 Qd7 30. Rxh4+ Kg8 31. Rxd6 Qxd6 32. Be2 b5 33. b4 Ne6 34.
Rg4 Qe7 35. c4 Nd4 36. Bxd4 exd4 37. Bd3 Qxb4 38. Kg2 bxc4 39. Bxc4 c5 40. Rf4
Rd7 41. Qd3 Be5 42. Rh4 Qb8 43. Bd5 Kg7 44. Rg4 Rc7 45. Bc4 Qd8 46. h4 Qd7 47.
Qh3 Rc8 48. h5 Rh8 49. h6+ Kh7 50. Qf3 Rf8 51. Rh4 f6 52. Rh3 f5 53. Qb3 fxe4
54. Be6 Qe7 55. Qd5 Qxg5+ 56. Rg3 Rxf2+ 57. Kh1 Qc1+ 0-1

[Event "8.HK 60 aars Jubilaeumsturnering 2003"]
[Site "Farum"]
[Date "2003.10.17"]
[Round "6"]
[White "Hein, Jacob"]
[Black "Jensen, Jonbert"]
[Result "1-0"]
[WhiteElo "1338"]
[BlackElo "1291"]
[PlyCount "127"]
[EventDate "2003.??.??"]

1. d4 Nf6 2. c4 d6 3. Nc3 g6 4. Bg5 Bg7 5. e4 O-O 6. Bd3 Qd7 7. f3 Nc6 8. Nge2
Ne8 9. Be3 e6 10. Qd2 Nb4 11. Bb1 b6 12. h4 Ba6 13. a3 Nc6 14. Ba2 Na5 15. b3
c5 16. h5 cxd4 17. Bxd4 Nc6 18. Bxg7 Nxg7 19. hxg6 fxg6 20. O-O-O Rac8 21. Qh6
Ne8 22. Nf4 Qg7 23. Qxg7+ Nxg7 24. Nh3 Rcd8 25. Ng5 h5 26. Ne2 Ne5 27. Nd4 Rf6
28. f4 Ng4 29. Nc6 Rd7 30. Nb8 Rd8 31. Nc6 Re8 32. Rxd6 Bb7 33. Nd8 Nf2 34. Re1
Bc8 35. Re2 Rxf4 36. b4 Ng4 37. c5 bxc5 38. Ndxe6 Nxe6 39. Nxe6 Rf1+ 40. Kb2
Kh8 41. Nxc5 Ne5 42. Red2 Kh7 43. a4 Ref8 44. Nd3 Ng4 45. Rc2 Ne3 46. Rc7+ Kh6
47. Ne5 R1f2+ 48. Ka3 Rxg2 49. Bb3 Rg3 50. Nf7+ Kg7 51. Ne5+ Kh6 52. a5 Bh3 53.
Nf7+ Kg7 54. Ng5+ Kh6 55. Nf7+ Kg7 56. Ne5+ Kh6 57. Rcc6 Bf1 58. Rxg6+ Rxg6 59.
Rxg6+ Kh7 60. Rd6 Ng4 61. Nf7 Kg7 62. Rd7 Kf6 63. Rxa7 Ne5 64. Nd6 1-0

[Event "8.HK 60 aars Jubilaeumsturnering 2003"]
[Site "Farum"]
[Date "2003.10.17"]
[Round "6"]
[White "Olsen, Ole"]
[Black "Pedersen, Jens Kornbaek"]
[Result "1-0"]
[WhiteElo "1179"]
[BlackElo "1339"]
[PlyCount "140"]
[EventDate "2003.??.??"]

1. e4 c5 2. Nf3 d6 3. Nc3 a6 4. h3 Nf6 5. d3 e5 6. Bg5 Be7 7. Qd2 O-O 8. Be2
Nbd7 9. O-O Nh5 10. Nd5 f6 11. Be3 f5 12. Ng5 f4 13. Ne6 Qe8 14. Ndc7 Qg6 15.
Nxf8 Nxf8 16. Nxa8 Bxh3 17. Bf3 fxe3 18. fxe3 Ne6 19. Bxh5 Qxh5 20. Nb6 Qg6 21.
Qe2 Bg4 22. Qd2 Bg5 23. Nd5 Qh6 24. Qf2 Bh5 25. g3 Qg6 26. Kg2 h6 27. Qf5 Qe8
28. Qh3 Qg6 29. Rf5 b5 30. Raf1 Bd8 31. Rxh5 Ng5 32. Qg4 c4 33. dxc4 bxc4 34.
Qf3 Nxe4 35. Rd1 a5 36. Nc3 Ng5 37. Ne4 Nxe4 38. g4 Bb6 39. Rh4 Nf6 40. Rxd6
Qg5 41. Kg3 Bxe3 42. Ra6 e4 43. Ra8+ Kh7 44. Qf5+ Qxf5 45. gxf5 Bd2 46. Rh1 e3
47. Kf3 Nd5 48. a3 Ne7 49. c3 Nxf5 50. Rxa5 Nd6 51. Rg1 Nf7 52. Ra7 Ne5+ 53.
Ke2 Ng6 54. Rf1 h5 55. Rff7 Kh6 56. Rac7 h4 57. Rxc4 Ne5 58. Rxh4+ Kg6 59. Rff4
Kg5 60. Re4 Ng6 61. Rhg4+ Kf5 62. Rd4 Ne5 63. Rxg7 Ng6 64. Rxg6 Kxg6 65. Rxd2
exd2 66. Kxd2 Kf5 67. Kd3 Ke6 68. Kc4 Kd6 69. Kb5 Kd5 70. c4+ Kd6 1-0

[Event "8.HK 60 aars Jubilaeumsturnering 2003"]
[Site "Farum"]
[Date "2003.10.18"]
[Round "7"]
[White "Rathlev, Jakob"]
[Black "Andersen, Ib Hother"]
[Result "1/2-1/2"]
[WhiteElo "2203"]
[BlackElo "2137"]
[PlyCount "95"]
[EventDate "2003.??.??"]

1. d4 Nf6 2. Nf3 e6 3. Bg5 c5 4. c3 b6 5. Nbd2 Bb7 6. e3 h6 7. Bh4 Be7 8. Bd3
d6 9. O-O O-O 10. Qe2 Nbd7 11. Rfd1 Nh5 12. Bxe7 Qxe7 13. a4 a6 14. b4 cxb4 15.
cxb4 Nhf6 16. e4 Rfc8 17. Rdc1 Ne8 18. Rxc8 Bxc8 19. a5 b5 20. Nb3 Bb7 21. Rc1
Qd8 22. e5 Bxf3 23. Qxf3 dxe5 24. Nc5 Nxc5 25. dxc5 Nf6 26. Rd1 Qe8 27. Qe3 Rd8
28. Qxe5 Rd5 29. Qe1 Qd7 30. Be2 Rxd1 31. Qxd1 Qxd1+ 32. Bxd1 Nd5 33. Bf3 Nc7
34. Kf1 e5 35. Be4 Kf8 36. Ke2 Ke7 37. Ke3 Ke6 38. f4 f5 39. Bb7 exf4+ 40. Kxf4
g5+ 41. Ke3 Ke5 42. g3 Nd5+ 43. Bxd5 Kxd5 44. Kd3 Ke5 45. h4 Kd5 46. Ke3 Ke5
47. Kd3 Kd5 48. Ke3 1/2-1/2

[Event "8.HK 60 aars Jubilaeumsturnering 2003"]
[Site "Farum"]
[Date "2003.10.18"]
[Round "7"]
[White "Strange, Mikkel"]
[Black "Olsen, Miriam Frida"]
[Result "1-0"]
[WhiteElo "2256"]
[BlackElo "1966"]
[PlyCount "61"]
[EventDate "2003.??.??"]

1. e4 c5 2. Nf3 e6 3. d4 cxd4 4. Nxd4 Nc6 5. Nb5 d6 6. c4 a6 7. N5c3 Nf6 8. Be2
Be7 9. O-O O-O 10. Be3 Qc7 11. Na3 Rd8 12. Rc1 b6 13. f4 Bb7 14. Bf3 Nd7 15.
Qe2 Nc5 16. Rfd1 Bf6 17. Nab1 Rdc8 18. Nd2 Nd4 19. Qf1 Nxf3+ 20. gxf3 Qe7 21.
b4 Nd7 22. Na4 Rc6 23. Nb3 Rb8 24. c5 bxc5 25. bxc5 e5 26. Na5 Rxc5 27. Nxc5
Nxc5 28. Rb1 Qc7 29. Nxb7 Nxb7 30. Qxa6 exf4 31. Ba7 1-0

[Event "8.HK 60 aars Jubilaeumsturnering 2003"]
[Site "Farum"]
[Date "2003.10.18"]
[Round "7"]
[White "Mortensen, Henrik"]
[Black "Lauritsen, Martin Lee"]
[Result "1/2-1/2"]
[WhiteElo "2018"]
[BlackElo "1955"]
[PlyCount "135"]
[EventDate "2003.??.??"]

1. e4 c5 2. Ne2 e5 3. c4 Nf6 4. Nbc3 d6 5. d3 h6 6. h3 Nc6 7. Be3 Nd4 8. Bxd4
cxd4 9. Nd5 Nxd5 10. cxd5 Be7 11. f4 O-O 12. g3 Bd7 13. Bg2 Qb6 14. Qd2 Qa6 15.
O-O Rfc8 16. b3 Bd8 17. a4 b5 18. axb5 Qxb5 19. b4 Bb6 20. Kh2 Rc7 21. Rac1
Rac8 22. Rxc7 Rxc7 23. Rc1 Rxc1 24. Nxc1 Qa4 25. Bf3 Qa3 26. Bd1 Kf8 27. f5 Bb5
28. Kg2 Bd8 29. Nb3 Bg5 30. Qc2 Qxb4 31. Kf2 Qc3 32. Qxc3 dxc3 33. Bc2 Bd8 34.
Ke2 a5 35. Bb1 a4 36. Nc1 Ke7 37. Kd1 Kf6 38. Kc2 g6 39. fxg6 fxg6 40. Kxc3
Ba5+ 41. Kb2 Kg5 42. Ka3 h5 43. Bc2 h4 44. gxh4+ Kxh4 45. Bxa4 Bxa4 46. Kxa4
Bd2 47. Nb3 Bh6 48. d4 Kxh3 49. dxe5 dxe5 50. d6 Bf8 51. d7 Be7 52. Nc5 g5 53.
Nd3 g4 54. Nxe5 g3 55. Ng6 Bg5 56. e5 Kg4 57. e6 g2 58. e7 Bxe7 59. Nxe7 g1=Q
60. d8=Q Qa1+ 61. Kb5 Qb2+ 62. Kc6 Qc3+ 63. Kb7 Qb4+ 64. Kc7 Qa5+ 65. Kd7 Qb5+
66. Kc7 Qa5+ 67. Kd7 Qxd8+ 68. Kxd8 1/2-1/2

[Event "8.HK 60 aars Jubilaeumsturnering 2003"]
[Site "Farum"]
[Date "2003.10.18"]
[Round "7"]
[White "Erichsen, Dan"]
[Black "Larsen, Finn (1950)"]
[Result "1-0"]
[WhiteElo "2154"]
[BlackElo "1736"]
[PlyCount "75"]
[EventDate "2003.??.??"]

1. e4 e5 2. Nf3 Nf6 3. Nxe5 d6 4. Nf3 Nxe4 5. Nc3 Nxc3 6. dxc3 Be7 7. Bf4 Bg4
8. h3 Bh5 9. Qd5 Bxf3 10. Qxf3 c6 11. O-O-O O-O 12. Bd3 Bg5 13. h4 Bxf4+ 14.
Qxf4 d5 15. Qf5 g6 16. Qf4 Nd7 17. h5 Qf6 18. Qh2 g5 19. g3 Ne5 20. Be2 g4 21.
Rd4 Qg5+ 22. Rf4 f5 23. Qg2 Rae8 24. b3 Nd7 25. f3 Qe7 26. Bd3 Qg5 27. Qd2 gxf3
28. Rxf3 Qg4 29. Rf4 Qg5 30. g4 Nc5 31. gxf5 Nxd3+ 32. cxd3 Rxf5 33. Rxf5 Qxf5
34. Rg1+ Kh8 35. Qh6 Qf7 36. Qg5 Rg8 37. Qe5+ Rg7 38. h6 1-0

[Event "8.HK 60 aars Jubilaeumsturnering 2003"]
[Site "Farum"]
[Date "2003.10.18"]
[Round "7"]
[White "Stolberg Rohr, Thomine"]
[Black "Skjoldan, Benjamin"]
[Result "1-0"]
[WhiteElo "1844"]
[BlackElo "2104"]
[PlyCount "59"]
[EventDate "2003.??.??"]

1. e4 c5 2. Nc3 e6 3. g3 g6 4. Bg2 Bg7 5. d3 Nc6 6. f4 Nge7 7. Nf3 d6 8. O-O
O-O 9. Be3 f5 10. e5 dxe5 11. fxe5 Qa5 12. Bg5 Qc7 13. Re1 a6 14. Qd2 Rf7 15.
Bf4 Bd7 16. Kh1 Rd8 17. Re2 Nd4 18. Rf2 Nxf3 19. Bxf3 Nc6 20. Re1 Bxe5 21. Rxe5
g5 22. Rxf5 gxf4 23. Rxf7 Kxf7 24. Bh5+ Kg8 25. Rxf4 Ne5 26. Ne4 Bc6 27. Kg1 b6
28. Qe3 Kh8 29. Ng5 Rd5 30. Rf8+ 1-0

[Event "8.HK 60 aars Jubilaeumsturnering 2003"]
[Site "Farum"]
[Date "2003.10.18"]
[Round "7"]
[White "Ulrich, Jesper"]
[Black "Hansen, Lars Henrik Bech"]
[Result "0-1"]
[WhiteElo "2082"]
[BlackElo "2090"]
[PlyCount "80"]
[EventDate "2003.??.??"]

1. d4 g6 2. c4 Nf6 3. Nc3 Bg7 4. e4 d6 5. Bg5 h6 6. Bh4 c5 7. d5 Qa5 8. Bd3 O-O
9. Nge2 Nbd7 10. f4 b5 11. cxb5 c4 12. Bc2 Ng4 13. Qd2 a6 14. bxa6 Bxa6 15.
Bxe7 Rfe8 16. Bxd6 Qb6 17. e5 Qf2+ 18. Kd1 Qxg2 19. Rg1 Nf2+ 20. Kc1 Qxh2 21.
Qe3 Nd3+ 22. Kd2 N7xe5 23. fxe5 Nxe5 24. Rh1 Qg2 25. Bxe5 Rxe5 26. Rag1 Rxe3
27. Rxg2 Rae8 28. Rh4 h5 29. Be4 Bh6 30. Kd1 Bg7 31. Bxg6 fxg6 32. Rxg6 Rd3+
33. Kc2 Bc8 34. Rxh5 Rf3 35. Rg3 Rf7 36. Rg2 Bf5+ 37. Kd2 Rb8 38. Nd1 Be4 39.
Rg3 Bf3 40. Nec3 Bxh5 0-1

[Event "8.HK 60 aars Jubilaeumsturnering 2003"]
[Site "Farum"]
[Date "2003.10.18"]
[Round "7"]
[White "Edoo, Niels"]
[Black "Lilja, Richard"]
[Result "0-1"]
[WhiteElo "1977"]
[BlackElo "2115"]
[PlyCount "56"]
[EventDate "2003.??.??"]

1. e4 c5 2. Nf3 d6 3. Bb5+ Bd7 4. Bxd7+ Qxd7 5. O-O Nc6 6. c3 d5 7. exd5 Qxd5
8. d4 Rd8 9. Qa4 e6 10. c4 Qd7 11. d5 exd5 12. Re1+ Be7 13. cxd5 Nd4 14. Qd1
Qxd5 15. Nxd4 cxd4 16. b3 Rd7 17. Ba3 Kf8 18. Bxe7+ Rxe7 19. Nd2 g6 20. Qf3
Rxe1+ 21. Rxe1 Qa5 22. Qf4 Kg7 23. Qxd4+ Nf6 24. b4 Qxa2 25. g4 Qd5 26. Qc3 Rd8
27. Ne4 Qd4 28. Qf3 Re8 0-1

[Event "8.HK 60 aars Jubilaeumsturnering 2003"]
[Site "Farum"]
[Date "2003.10.18"]
[Round "7"]
[White "Auchenberg, Per"]
[Black "Christensen, Rene Baarup"]
[Result "1-0"]
[WhiteElo "2098"]
[BlackElo "2020"]
[PlyCount "95"]
[EventDate "2003.??.??"]

1. f4 e5 2. fxe5 d6 3. exd6 Bxd6 4. Nf3 Nc6 5. Nc3 Bg4 6. e3 Ne5 7. Ne4 Nxf3+
8. gxf3 Qh4+ 9. Ke2 Bxf3+ 10. Kxf3 Qh5+ 11. Kf2 Qh4+ 12. Ng3 h5 13. Qf3 O-O-O
14. Bg2 c6 15. Qe4 Qxe4 16. Nxe4 Bc7 17. d3 Rh6 18. Bd2 h4 19. Bh3+ Kb8 20. Bc3
f6 21. Nc5 Bb6 22. Nd7+ Kc7 23. Nxb6 axb6 24. Rhg1 g5 25. e4 Ne7 26. Raf1 Rg6
27. Ke2 Rf8 28. Rf2 c5 29. Bg4 b5 30. Rgf1 Ng8 31. a3 Kd8 32. Bf5 Rh6 33. Be6
Ke8 34. Bxg8 Rxg8 35. Rxf6 Rh7 36. h3 g4 37. hxg4 h3 38. Rh1 Rxg4 39. Rf2 c4
40. Rfh2 Rgh4 41. Bf6 R4h6 42. e5 Kf7 43. Ke3 Ke6 44. Ke4 b6 45. d4 Rh5 46. d5+
Kf7 47. Rf1 Ke8 48. Rf3 1-0

[Event "8.HK 60 aars Jubilaeumsturnering 2003"]
[Site "Farum"]
[Date "2003.10.18"]
[Round "7"]
[White "Larsen, Knud"]
[Black "Moller, Arne Vagn"]
[Result "1/2-1/2"]
[WhiteElo "1830"]
[BlackElo "1945"]
[PlyCount "140"]
[EventDate "2003.??.??"]

1. e4 c5 2. d4 cxd4 3. c3 dxc3 4. Nxc3 Nc6 5. Bc4 d6 6. Nf3 e6 7. O-O Be7 8.
Qe2 Nf6 9. Rd1 Nd7 10. Bf4 Nb6 11. Bb3 O-O 12. Nb5 e5 13. Nxe5 Be6 14. Nxc6
bxc6 15. Nxd6 Bxd6 16. Rxd6 Qf6 17. Bg3 c5 18. Bxe6 fxe6 19. Rad1 Rac8 20. f3
c4 21. Qc2 Rfe8 22. Be5 Qe7 23. Qd2 Rf8 24. a4 Rc5 25. Bc3 Nd5 26. exd5 Qxd6
27. Bb4 Qxd5 28. Bxc5 Qxc5+ 29. Qd4 Qxd4+ 30. Rxd4 Rc8 31. Rd7 a5 32. Ra7 Rc5
33. Kf2 Rd5 34. Ke2 h6 35. Rc7 Rd4 36. g4 Kh7 37. Rc5 c3 38. b3 Rd2+ 39. Ke3
Rxh2 40. Rxc3 h5 41. gxh5 Rxh5 42. Rc6 Re5+ 43. Kd4 Re1 44. Ra6 e5+ 45. Kd3 Rf1
46. Rxa5 Rxf3+ 47. Kc4 e4 48. Re5 e3 49. a5 Kg6 50. b4 Kf6 51. Re8 Kf7 52. Re4
g5 53. Kd3 e2+ 54. Kxe2 Rb3 55. Kd2 Kf6 56. Kc2 Rh3 57. a6 Kf5 58. Re1 Ra3 59.
b5 g4 60. Kb2 Ra5 61. Ra1 Rxb5+ 62. Kc3 Rb8 63. Kc4 g3 64. Kc5 Kf4 65. a7 Ra8
66. Kb6 g2 67. Kb7 Rg8 68. a8=Q Rxa8 69. Kxa8 Kf3 70. Kb7 Kf2 1/2-1/2

[Event "8.HK 60 aars Jubilaeumsturnering 2003"]
[Site "Farum"]
[Date "2003.10.18"]
[Round "7"]
[White "Sorensen, Reto Utiger"]
[Black "Hansen, Henrik Damgaard"]
[Result "1-0"]
[WhiteElo "1918"]
[BlackElo "1703"]
[PlyCount "71"]
[EventDate "2003.??.??"]

1. d4 Nf6 2. c4 c5 3. d5 e6 4. Nc3 exd5 5. cxd5 d6 6. g3 a6 7. a4 g6 8. Bg2 Bg7
9. Nf3 O-O 10. O-O Re8 11. Nd2 b6 12. Nc4 Qc7 13. Re1 Nbd7 14. f4 Bb7 15. e4
Nh5 16. Ra3 Bd4+ 17. Be3 Bxc3 18. Rxc3 b5 19. Nd2 f6 20. g4 Ng7 21. g5 fxg5 22.
f5 gxf5 23. Bxg5 Rf8 24. Rg3 Ne5 25. Bh6 Ng6 26. Nf3 Qf7 27. Ng5 Qf6 28. Bxg7
Kxg7 29. Ne6+ Kh8 30. Nxf8 Rxf8 31. exf5 Qxf5 32. Rf3 Nf4 33. Ref1 Qg5 34. Rg3
Qe5 35. Qd2 Rf6 36. Re1 1-0

[Event "8.HK 60 aars Jubilaeumsturnering 2003"]
[Site "Farum"]
[Date "2003.10.18"]
[Round "7"]
[White "Hansen, Alex Mehr"]
[Black "Nielsen, Erik"]
[Result "1-0"]
[WhiteElo "1771"]
[BlackElo "1390"]
[PlyCount "67"]
[EventDate "2003.??.??"]

1. e4 c5 2. Nf3 Nc6 3. d4 cxd4 4. Nxd4 e6 5. Bc4 Nf6 6. Nxc6 bxc6 7. Nc3 d5 8.
Bd3 Bb4 9. Bd2 O-O 10. e5 Nd7 11. Qh5 g6 12. Qe2 f6 13. exf6 Qxf6 14. O-O a5
15. a3 Bc5 16. Na4 Bd6 17. Rae1 e5 18. f3 Re8 19. c4 Bb7 20. Rc1 Qh4 21. Be1
Qf4 22. Bg3 Qf6 23. Kh1 Qe7 24. cxd5 cxd5 25. Bb5 Bc8 26. Bxd7 Qxd7 27. Nb6 Ba6
28. Qxa6 Rxa6 29. Nxd7 Kf7 30. Nc5 Rb6 31. Na4 Rb5 32. Rfe1 Re7 33. Rc6 Ke6 34.
Bxe5 1-0

[Event "8.HK 60 aars Jubilaeumsturnering 2003"]
[Site "Farum"]
[Date "2003.10.18"]
[Round "7"]
[White "Christoffersen, Jan"]
[Black "Olsen, Ole"]
[Result "0-1"]
[WhiteElo "1422"]
[BlackElo "1179"]
[PlyCount "104"]
[EventDate "2003.??.??"]

1. e4 e5 2. Nf3 d6 3. d4 exd4 4. Nxd4 a6 5. Bd3 Be6 6. Be3 Bd7 7. O-O Nf6 8. h3
Nc6 9. Re1 g6 10. Bg5 Nxd4 11. e5 dxe5 12. Rxe5+ Ne6 13. Qf3 Be7 14. Qxb7 Nxg5
15. Rxg5 a5 16. Nc3 O-O 17. Rd1 Qb8 18. Qxb8 Raxb8 19. Bxg6 hxg6 20. Rxa5 Be6
21. Ra7 Bd6 22. b3 Rfe8 23. a4 Bf5 24. Nb5 Bxc2 25. Nxd6 Bxd1 26. Nxe8 Rxe8 27.
Rxc7 Bxb3 28. a5 Ra8 29. a6 Rxa6 30. Rb7 Bd5 31. Rb1 Ra2 32. f3 Nh5 33. Rd1 Nf4
34. Kh1 Rxg2 35. Rxd5 Nxd5 36. Kxg2 Kg7 37. Kg3 Kh6 38. Kg4 f5+ 39. Kg3 Kg5 40.
h4+ Kh5 41. Kh3 f4 42. Kg2 Kxh4 43. Kf2 Kh3 44. Kf1 Kg3 45. Ke2 Kg2 46. Ke1
Kxf3 47. Kf1 g5 48. Kg1 g4 49. Kh2 Kf2 50. Kh1 f3 51. Kh2 g3+ 52. Kh1 g2+ 0-1

[Event "8.HK 60 aars Jubilaeumsturnering 2003"]
[Site "Farum"]
[Date "2003.10.18"]
[Round "7"]
[White "Pedersen, Jens Kornbaek"]
[Black "Hein, Jacob"]
[Result "0-1"]
[WhiteElo "1339"]
[BlackElo "1338"]
[PlyCount "56"]
[EventDate "2003.??.??"]

1. c4 e5 2. Nc3 Nc6 3. Nf3 Bc5 4. e3 Nf6 5. Be2 d5 6. b3 e4 7. d4 Bb4 8. Bd2
exf3 9. Bxf3 Bxc3 10. Bxc3 Ne4 11. Bb2 Qh4 12. O-O Bf5 13. cxd5 Ne7 14. g3 Qh6
15. Rc1 Nxd5 16. Qc2 Nxg3 17. Qc5 Nxf1 18. Qxd5 Nxe3 19. Qe5+ Be6 20. fxe3 O-O
21. Rxc7 Rae8 22. Bxb7 Bg4 23. Re7 Rxe7 24. Qxe7 Be6 25. Bc1 Qg6+ 26. Kf2 Qc2+
27. Kg3 Qxc1 28. Qg5 Qc7+ 0-1

[Event "8.HK 60 aars Jubilaeumsturnering 2003"]
[Site "Farum"]
[Date "2003.10.18"]
[Round "7"]
[White "Jensen, Jonbert"]
[Black "Larsen, Alex"]
[Result "1-0"]
[WhiteElo "1291"]
[BlackElo "1234"]
[PlyCount "71"]
[EventDate "2003.??.??"]

1. e4 c6 2. d4 d5 3. e5 Bf5 4. Bd3 Qd7 5. c3 g6 6. Nf3 Bg7 7. Qe2 f6 8. Bxf5
Qxf5 9. e6 Na6 10. Nh4 Qe4 11. Qxe4 dxe4 12. Bf4 g5 13. Nf5 gxf4 14. Nxg7+ Kf8
15. Nf5 Nc7 16. Nd2 Nxe6 17. Nxe4 Ng5 18. f3 h5 19. h4 Ne6 20. Kf2 Kf7 21. Rae1
Kg6 22. Nxe7+ Nxe7 23. Nd6 Nd5 24. Rxe6 Rhg8 25. Rg1 Ne3 26. Re7 Rgd8 27. Nxb7
Rdb8 28. g3 Kf5 29. Nd6+ Kg6 30. gxf4+ Ng4+ 31. fxg4 Rxb2+ 32. Kf3 Rh8 33. f5+
Kh6 34. Nf7+ Kg7 35. Nxh8+ Kxh8 36. gxh5 1-0